Vista normal
Vista MARC
- Petersen, David L.
Entrada Autor personal
Número de registros utilizados en: 1
001 - NUMERO DE CONTROL
- Campo de control: 487
003 - IDENTIFICADOR DE NUMERO DE CONTROL
- Campo de control: CO-MdFUSB
005 - HORA Y FECHA DE LA ULTIMA TRANSACCIÓN
- Campo de control: 20161010151343.0
008 - CAMPO DE LONGITUD FIJA
- Campo fijo de descripción fija: 840413n| acannaabn |n aaa
040 ## - AGENCIA DE CATALOGACIÓN ORIGINAL
- Agencia de catalogación original: DLC
- Lenguaje de catalogación: spa
- Agencia que hace la transcripción: CO-MdFUSB
100 1# - AUTOR PERSONAL
- Autor personal: Petersen, David L.
400 ## - REFERENCIA DE ENVIO “VEASE” - NOMBRE PERSONAL
- Autor personal: David L. Petersen
- Títulos y otras obras asociadas con el nombre: American biblical scholar
400 ## - REFERENCIA DE ENVIO “VEASE” - NOMBRE PERSONAL
- Autor personal: etersen, David Lee
- Fechas asociadas con el nombre: 1943-
670 ## - FUENTE EN LA QUE SE LOCALIZARON DATOS
- Fuente: Haggai and Zechariah 1-8, c1984:
- Fuente de información: CIP t.p. (David L. Petersen)
670 ## - FUENTE EN LA QUE SE LOCALIZARON DATOS
- Fuente: LC data base, 4/9/84
- Fuente de información: (hdg.: Petersen, David L.)
670 ## - FUENTE EN LA QUE SE LOCALIZARON DATOS
- Fuente: Prophecy in Israel, 1986:
- Fuente de información: CIP t.p. (David L. Petersen) data sheet (b. Mar. 21, 1943)
670 ## - FUENTE EN LA QUE SE LOCALIZARON DATOS
- Fuente: The book of Genesis, 2012:
- Fuente de información: t.p. (David L. Petersen) dust jkt. (David L. Petersen, received a Ph. D. in Old Testament from Yale University in 1972; Franklin N. Parker Professor of Old Testament at Emory University)
